|
|
|
|
| LEADER |
00000nam0a2200000 4500 |
| 001 |
304978 |
| 005 |
20231102001744.0 |
| 020 |
|
|
|a RU
|b 83-52564
|
| 035 |
|
|
|a (RuTPU)RU\TPU\book\330238
|
| 090 |
|
|
|a 304978
|
| 100 |
|
|
|a 20150921d1983 m y0rusy5003 ca
|
| 101 |
0 |
|
|a rus
|
| 102 |
|
|
|a RU
|
| 105 |
|
|
|a a j 001zy
|
| 200 |
1 |
|
|a Насосы и насосные станции
|e учебник для техникумов
|f П. В. Лобачев
|
| 205 |
|
|
|a 2-е изд., перераб., доп.
|
| 210 |
|
|
|a Москва
|c Стройиздат
|d 1983
|
| 215 |
|
|
|a 191 с.
|c ил.
|
| 320 |
|
|
|a Библиогр.: с. 181
|
| 606 |
1 |
|
|a Насосы
|x Электропитание
|2 stltpush
|3 (RuTPU)RU\TPU\subj\44952
|9 64220
|
| 610 |
1 |
|
|a насосные станции
|
| 610 |
1 |
|
|a центробежные насосы
|
| 610 |
1 |
|
|a осевые насосы
|
| 610 |
1 |
|
|a режимы работы
|
| 610 |
1 |
|
|a расчеты
|
| 610 |
1 |
|
|a трение
|
| 610 |
1 |
|
|a инерция
|
| 610 |
1 |
|
|a объемные насосы
|
| 610 |
1 |
|
|a воздуходувки
|
| 610 |
1 |
|
|a водопроводные насосные станции
|
| 610 |
1 |
|
|a канализационные насосные станции
|
| 610 |
1 |
|
|a электроснабжение
|
| 610 |
1 |
|
|a автоматизация
|
| 610 |
1 |
|
|a эксплуатация
|
| 610 |
1 |
|
|a учебники
|
| 675 |
|
|
|a 621.65(075.3)
|z rus
|v 3
|
| 700 |
|
1 |
|a Лобачев
|b П. В.
|g Петр Владимирович
|4 070
|
| 801 |
|
0 |
|a RU
|b RuMRKP
|c 19950704
|g psbo
|
| 801 |
|
1 |
|a RU
|b 63413507
|c 20150921
|
| 801 |
|
2 |
|a RU
|b 63413507
|c 20180704
|g RCR
|
| 942 |
|
|
|c BK
|